[Event "Greifswald Ryck op"]
[Site "Greifswald"]
[Date "2002.08.23"]
[Round "3"]
[White "Herrmann, Carsten"]
[Black "Mertin, Jan"]
[Result "0-1"]
[WhiteElo "2006"]
[BlackElo "1559"]
[PlyCount "52"]
[EventDate "2002.08.??"]
[EventType "swiss"]
[EventRounds "7"]
[EventCountry "GER"]
[SourceTitle "EXT 2005"]
[Source "ChessBase"]
[SourceDate "2004.11.15"]
[SourceVersion "1"]
[SourceVersionDate "2004.11.15"]
[SourceQuality "1"]

1. d4 Nf6 2. c4 c5 3. d5 e6 4. Nc3 exd5 5. cxd5 d6 6. Nf3 g6 7. g3 Bg7 8. Bg2 0-0 9. 0-0 Re8 10. Nd2 Nbd7 11. a4 a6 12. a5 b5 13. axb6 Nxb6 14. Nb3 Nc4 15. Qd3 Ne5 16. Qc2 a5 17. h3 Qb6 18. Nd2 Ba6 19. Ra4 Reb8 20. Re1 Ned7 21. e4 Ne5 22. Bf1 Nfd7 23. Kg2 Bxf1+ 24. Rxf1 Qa6 25. Ra2 Nd3 26. Nb3 Nb4 0-1

[Event "Greifswald Ryck op"]
[Site "Greifswald"]
[Date "2002.08.23"]
[Round "4"]
[White "Mueller, Thea Lina"]
[Black "Herrmann, Carsten"]
[Result "1/2-1/2"]
[WhiteElo "1487"]
[BlackElo "2006"]
[PlyCount "52"]
[EventDate "2002.08.??"]
[EventType "swiss"]
[EventRounds "7"]
[EventCountry "GER"]
[SourceTitle "EXT 2005"]
[Source "ChessBase"]
[SourceDate "2004.11.15"]
[SourceVersion "1"]
[SourceVersionDate "2004.11.15"]
[SourceQuality "1"]

1. e4 e6 2. d4 d5 3. e5 c5 4. c3 Qb6 5. Nf3 Nc6 6. Be2 cxd4 7. cxd4 Nh6 8. Nc3 Nf5 9. Na4 Bb4+ 10. Bd2 Qa5 11. Bc3 Bxc3+ 12. Nxc3 Qb6 13. Bb5 0-0 14. Bxc6 bxc6 15. Qd2 Qa5 16. 0-0 Ba6 17. Rfc1 Rfc8 18. g4 Nh6 19. h3 c5 20. Ne4 Qxd2 21. Nexd2 cxd4 22. Nxd4 Kf8 23. f4 Bd3 24. Kf2 Ng8 25. Ke3 Ba6 26. N2b3 Bc4 1/2-1/2

[Event "Greifswald Ryck op"]
[Site "Greifswald"]
[Date "2002.08.22"]
[Round "1"]
[White "Herrmann, Carsten"]
[Black "Labod, Markus"]
[Result "1-0"]
[WhiteElo "2006"]
[BlackElo "1142"]
[PlyCount "35"]
[EventDate "2002.08.??"]
[EventType "swiss"]
[EventRounds "7"]
[EventCountry "GER"]
[SourceTitle "EXT 2005"]
[Source "ChessBase"]
[SourceDate "2004.11.15"]
[SourceVersion "1"]
[SourceVersionDate "2004.11.15"]
[SourceQuality "1"]

1. d4 Nf6 2. c4 g6 3. Nc3 Bg7 4. e4 d6 5. Nf3 0-0 6. Be3 Nbd7 7. Bd3 c6 8. Ne2 e6 9. Qd2 b6 10. 0-0 Bb7 11. Bg5 Qc7 12. Rac1 Rac8 13. Rfd1 c5 14. b3 a6 15. Rb1 cxd4 16. Nexd4 Qc5 17. Be3 Ne8 18. Nxe6 1-0

[Event "Berlin-ch MV MT"]
[Site "Berlin"]
[Date "2002.03.31"]
[Round "9"]
[White "Herrmann, Carsten"]
[Black "Leisner, Hannes"]
[Result "1-0"]
[WhiteElo "2030"]
[BlackElo "1850"]
[PlyCount "111"]
[EventDate "2002.03.29"]
[EventType "swiss"]
[EventRounds "9"]
[EventCountry "GER"]
[SourceTitle "EXT 2003"]
[Source "ChessBase"]
[SourceDate "2002.11.25"]
[SourceVersion "1"]
[SourceVersionDate "2002.11.25"]
[SourceQuality "1"]

1. d4 Nf6 2. c4 c5 3. d5 b5 4. cxb5 a6 5. bxa6 Bxa6 6. Nc3 g6 7. f4 Bg7 8. Nf3 0-0 9. e4 Bxf1 10. Rxf1 d6 11. e5 Nfd7 12. Qe2 Nb6 13. e6 f5 14. Ng5 Na6 15. Nf7 Qc8 16. g4 Nb4 17. gxf5 gxf5 18. Rg1 N4xd5 19. Nxd5 Nxd5 20. Rxg7+ Kxg7 21. Qg2+ Kf6 22. Ng5 Nc7 23. Qh3 Rg8 24. Qh6+ Rg6 25. Nxh7+ Kxe6 26. Qxg6+ Kd5 27. Qg2+ Ke6 28. Ng5+ Kd7 29. Bd2 Qa6 30. Qe2 Qb7 31. Bc1 Qh1+ 32. Kd2 Qd5+ 33. Kc2 Rxa2 34. Rxa2 Qxa2 35. h4 c4 36. Qf3 Qa4+ 37. Kb1 d5 38. Nf7 d4 39. Ne5+ Kd6 40. Qa3+ Qxa3 41. Nxc4+ Kd5 42. Nxa3 e5 43. fxe5 Kxe5 44. Nc4+ Kf6 45. Bg5+ Kg6 46. Ne5+ Kh5 47. Kc2 Ne6 48. Kd3 f4 49. Nf3 Kg4 50. Nxd4 Nc5+ 51. Kc4 Ne4 52. b4 f3 53. Nxf3 Kxf3 54. b5 Nd6+ 55. Kc5 Nxb5 56. Kxb5 1-0

[Event "Berlin-ch MV MT"]
[Site "Berlin"]
[Date "2002.03.29"]
[Round "5"]
[White "Herrmann, Carsten"]
[Black "Teschke, Olaf"]
[Result "0-1"]
[WhiteElo "2030"]
[BlackElo "2160"]
[PlyCount "58"]
[EventDate "2002.03.29"]
[EventType "swiss"]
[EventRounds "9"]
[EventCountry "GER"]
[SourceTitle "EXT 2003"]
[Source "ChessBase"]
[SourceDate "2002.11.25"]
[SourceVersion "1"]
[SourceVersionDate "2002.11.25"]
[SourceQuality "1"]

1. d4 d5 2. c4 c6 3. cxd5 cxd5 4. Nc3 Nf6 5. Bf4 Nc6 6. e3 Bf5 7. Qb3 Na5 8. Bb5+ Bd7 9. Qa4 e6 10. Bxd7+ Nxd7 11. Nf3 Nc4 12. e4 Nxb2 13. Qc2 dxe4 14. Nxe4 Qa5+ 15. Bd2 Qb5 16. Rb1 Nd3+ 17. Kd1 Qa6 18. Rb3 f5 19. Nfg5 fxe4 20. Nxe4 Nxf2+ 21. Nxf2 Be7 22. Qe4 0-0 23. Nd3 Rac8 24. Qxb7 Qxa2 25. Nc1 Qc2+ 26. Ke1 Rc7 27. Qa6 Qe4+ 28. Ne2 Bh4+ 29. Kd1 Qc2# 0-1

[Event "Berlin-ch MV MT"]
[Site "Berlin"]
[Date "2002.03.29"]
[Round "6"]
[White "Priebe, Jan"]
[Black "Herrmann, Carsten"]
[Result "1-0"]
[WhiteElo "2180"]
[BlackElo "2030"]
[PlyCount "45"]
[EventDate "2002.03.29"]
[EventType "swiss"]
[EventRounds "9"]
[EventCountry "GER"]
[SourceTitle "EXT 2003"]
[Source "ChessBase"]
[SourceDate "2002.11.25"]
[SourceVersion "1"]
[SourceVersionDate "2002.11.25"]
[SourceQuality "1"]

1. e4 e6 2. d4 d5 3. Nd2 Nf6 4. e5 Nfd7 5. Bd3 c5 6. c3 Nc6 7. Ne2 cxd4 8. cxd4 Nb6 9. f4 Bd7 10. 0-0 Rc8 11. Nf3 Nb4 12. Bb1 a5 13. Nc3 h5 14. g3 Be7 15. h3 Bc6 16. f5 Kd7 17. h4 Kc7 18. Bg5 exf5 19. a3 Na6 20. Bxf5 Bd7 21. Qd3 Re8 22. Nb5+ Bxb5 23. Qxb5 1-0

[Event "Berlin-ch MV MT"]
[Site "Berlin"]
[Date "2002.03.28"]
[Round "3"]
[White "Herrmann, Carsten"]
[Black "Reyer, Ulli"]
[Result "0-1"]
[WhiteElo "2030"]
[BlackElo "2225"]
[PlyCount "50"]
[EventDate "2002.03.29"]
[EventType "swiss"]
[EventRounds "9"]
[EventCountry "GER"]
[SourceTitle "EXT 2003"]
[Source "ChessBase"]
[SourceDate "2002.11.25"]
[SourceVersion "1"]
[SourceVersionDate "2002.11.25"]
[SourceQuality "1"]

1. d4 d5 2. c4 Nc6 3. Nc3 dxc4 4. d5 Ne5 5. Bf4 Ng6 6. Bg3 e5 7. e4 Nf6 8. Bxc4 a6 9. a4 Bd6 10. Nge2 Nh5 11. Qd2 0-0 12. 0-0-0 Bd7 13. f3 Qe8 14. Qg5 Nf6 15. h4 Bxa4 16. b3 b5 17. bxa4 bxc4 18. h5 h6 19. Qe3 Ne7 20. Bh4 Nd7 21. g4 f6 22. g5 fxg5 23. Bxg5 hxg5 24. h6 g6 25. Qxg5 Kh7 0-1

[Event "Berlin-ch MV MT"]
[Site "Berlin"]
[Date "2002.03.27"]
[Round "2"]
[White "Herrmann, Carsten"]
[Black "Dettmann, Gerd"]
[Result "1-0"]
[WhiteElo "2040"]
[BlackElo "2165"]
[PlyCount "101"]
[EventDate "2002.03.29"]
[EventType "swiss"]
[EventRounds "9"]
[EventCountry "GER"]
[SourceTitle "EXT 2003"]
[Source "ChessBase"]
[SourceDate "2002.11.25"]
[SourceVersion "1"]
[SourceVersionDate "2002.11.25"]
[SourceQuality "1"]

1. d4 Nf6 2. c4 e6 3. Nc3 Bb4 4. f3 c5 5. d5 Bxc3+ 6. bxc3 e5 7. Qc2 d6 8. e4 0-0 9. Bd3 Re8 10. Ne2 Nbd7 11. 0-0 Qe7 12. Ng3 Nf8 13. Bg5 h6 14. Bd2 Ng6 15. Rae1 Nf4 16. Nf5 Qf8 17. g3 Ng6 18. Kg2 Bxf5 19. exf5 Ne7 20. h4 b5 21. cxb5 Nexd5 22. Be4 c4 23. g4 Rab8 24. g5 Nxe4 25. fxe4 Nf4+ 26. Bxf4 exf4 27. a4 hxg5 28. hxg5 Qe7 29. Kf3 d5 30. e5 Qxg5 31. Rg1 Qh4 32. Qg2 Qh5+ 33. Kxf4 Qh6+ 34. Kf3 Qh5+ 35. Qg4 Qxg4+ 36. Rxg4 Rb6 37. f6 Rxf6+ 38. exf6 Rxe1 39. Rxg7+ Kf8 40. Rg5 Rd1 41. Re5 Rf1+ 42. Ke3 Rxf6 43. Rxd5 a6 44. Rc5 axb5 45. axb5 Ke7 46. Rxc4 Kd7 47. Rf4 Re6+ 48. Kd3 f6 49. c4 Kc7 50. c5 Kd7 51. Re4 1-0